Tiempo de invierno /

Сохранить в:
Библиографические подробности
Главный автор: Valtin, Jan (autor)
Формат:
Язык:испанский
Опубликовано: México : Arcos, 1951, c1951
Предметы:
Метки: Добавить метку
Нет меток, Требуется 1-ая метка записи!

MARC

LEADER 00000nam^a2200000^a^4500
001 000398054
005 20250521000000.0
009 20260310121514.619
037 |a Acervo ITESO - Biblioteca 
041 |a ESP 
082 |a 833.  |b VAL 
100 |a Valtin, Jan  |e (autor) 
245 1 0 |a Tiempo de invierno /  |c J. Valtin ; tr. por Beltrán Espinosa Russell. 
264 4 |a México :  |b Arcos,  |c 1951, c1951 
300 |a 589 p. 
336 |a texto  |b txt  |2 rdacontenido 
337 |a sin mediación  |b n  |2 rdamedio 
338 |a volumen  |b nc  |2 rdasoporte 
500 |a Traducción de: Wintertime 
545 0 |a Jan Valtin (Maguncia, 1904 – Kent County, Estados Unidos, 1951), pseudónimo de Richard Julius Hermann Krebs, comunista alemán y agente del Directorio Político Unificado del Estado (OGPU), policía secreta de la Unión Soviética durante la dictadura estalinista, en el período de entreguerras. Huyó a Dinamarca después que los nazis llegaran al poder en Alemania, pero las autoridades de la OGPU lo devolvieron a su país natal, donde fue arrestado y torturado, y le ordenaron –a la postre- que actuara como agente doble. Caído en desgracia frente a los servicios secretos soviéticos, que le secuestraron, escapó en 1938 y se estableció en Estados Unidos. Relató las principales vicisitudes de esos años en su exitosa autobiografía La noche quedó atrás (1941) y abordó el contexto europeo de la posguerra en Las fronteras del miedo. 
649 |a XX 
650 |a Novela Alemana 
650 |a Literatura Alemana -  |y Siglo XX 
910 |a Fondo Carlos Núñez Hurtado 
920 |a Impresos - Libros 
930 |a Fondos Especiales 
940 |a Literatura 
905 |a 117 
901 |a 0500293241  |b IT2  |c ESP  |i D 80221  |u 20250521 
902 |a https://opac.biblio.iteso.mx/vufind/Record/000398054